Adhesion of dust and powder /

Bibliographic Details
Main Author: Zimon, A. D. (Anatoliĭ Davydovich), 1924-
Format: Book
Language:English
Russian
Published: New York : Consultants Bureau, [1982]
Edition:2nd ed.
Subjects:

MARC

Tag First Indicator Second Indicator Subfields
LEADER 00000pam a2200000 a 4500
001 in00000079248
005 20151008060805.0
008 800423s1982 nyua b 00010 engm
010 |a  80016154  
020 |a 030610962X 
035 |a (OCoLC)06304702 
035 |9 AAJ6581AM 
040 |a DLC  |c DLC  |d m.c.  |d TXA  |d UtOrBLW 
041 1 |a eng  |a rus 
049 |a TXAM  |c [1442970] 
050 0 0 |a QC183  |b .Z513 1980 
082 0 |a 541.3/453 
090 |a QC183  |b .Z513 1982 
100 1 |a Zimon, A. D.  |q (Anatoliĭ Davydovich),  |d 1924- 
240 1 0 |a Adgeziia pyli i poroshkov.  |l English 
245 1 0 |a Adhesion of dust and powder /  |c Anatolii D. Zimon ; translated from Russian by Robert K. Johnston. 
250 |a 2nd ed. 
264 1 |a New York :  |b Consultants Bureau,  |c [1982] 
264 4 |c ©1982 
300 |a xi, 438 pages :  |b illustrations ;  |c 24 cm. 
336 |a text  |b txt  |2 rdacontent 
337 |a unmediated  |b n  |2 rdamedia 
338 |a volume  |b nc  |2 rdacarrier 
500 |a Translation of: Adgeziia pyli i poroshkov. 
504 |a Includes bibliographical references. 
650 0 |a Adhesion. 
650 0 |a Dust. 
650 0 |a Powders. 
999 |a MARS 
999 f f |s 7749cbb9-98dd-33c1-8d80-76dce12f68a1  |i 50b069cf-ab7d-3ab3-be33-ccbd5652c915  |t 0 
952 f f |p normal  |a Texas A&M University  |b College Station  |c Sterling C. Evans Library  |d Evans: Library Stacks  |t 0  |e QC183 .Z513 1982  |h Library of Congress classification  |i unmediated -- volume  |m A14806208213 
998 f f |a QC183 .Z513 1982  |t 0  |l Evans: Library Stacks